Recipes for Monopoly Regulation / (Record no. 615507)

MARC details
000 -LEADER
fixed length control field 01338nam a2200169Ia 4500
008 - FIXED-LENGTH DATA ELEMENTS--GENERAL INFORMATION
fixed length control field 260225s9999 xx 000 0 und d
020 ## - INTERNATIONAL STANDARD BOOK NUMBER
ISBN 9783631371312
082 ## - DEWEY DECIMAL CLASSIFICATION NUMBER
Classification number 338.82
Item number HOL
100 ## - MAIN ENTRY--AUTHOR NAME
Personal name Holzleitner, Christian
245 #0 - TITLE STATEMENT
Title Recipes for Monopoly Regulation /
Statement of responsibility, etc Holzleitner, Christian
260 ## - PUBLICATION, DISTRIBUTION, ETC. (IMPRINT)
Name of publisher Peter Lang Pub Incorporated,
Year of publication 2000
300 ## - PHYSICAL DESCRIPTION
Number of Pages 97 pages
520 ## - SUMMARY, ETC.
Summary, etc This monograph was the winner of the Nestlé Prize 2000 for the best Austrian PhD-Thesis in the Social Sciences. As it is not possible to introduce competition into every single market, there will still remain monopolies - like in the telecom or energy sector - which have to be put under public regulation. This book offers a look into the latest developments in regulatory practice and theory. What shall a regulator do when she wants to give incentives for cost minimization to the regulated firm and at the same time efficient prices to the consumers? After a comparison of different «real world» regulatory regimes, a simple theoretical model is used to assess the «real world» approaches and design optimal policies. The theoretical «recipes» are presented in a way which should be accessible to advanced students and «real world» regulators.
650 ## - SUBJECT ADDED ENTRY--TOPICAL TERM
Topical Term Business & Economics
942 ## - ADDED ENTRY ELEMENTS (KOHA)
Koha item type English Books
Holdings
Withdrawn status Lost status Damaged status Not for loan Home library Current library Shelving location Date acquired Full call number Accession Number Price effective from Koha item type
        Anna Centenary Library Anna Centenary Library 4TH FLOOR, A WING 25.02.2026 338.82 HOL 215249 25.02.2026 English Books

Find us on the map